Human rersource development (Record no. 512535)

MARC details
000 -LEADER
fixed length control field 00861nam a2200265Ia 4500
003 - CONTROL NUMBER IDENTIFIER
control field OSt
005 - DATE AND TIME OF LATEST TRANSACTION
control field 20220925185905.0
008 - FIXED-LENGTH DATA ELEMENTS--GENERAL INFORMATION
fixed length control field 220923b |||||||| |||| 00| 0 eng d
020 ## - INTERNATIONAL STANDARD BOOK NUMBER
International Standard Book Number 9788131505342
037 ## - SOURCE OF ACQUISITION
Terms of availability General Book
040 ## - CATALOGING SOURCE
Original cataloging agency RTL
Transcribing agency RTL
Language of cataloging eng
041 ## - LANGUAGE CODE
Source of code eng
Language code of text/sound track or separate title eng
100 ## - MAIN ENTRY--PERSONAL NAME
Personal name Werner Jon M
245 #0 - TITLE STATEMENT
Title Human rersource development
Remainder of title Foundation, framework and application
250 ## - EDITION STATEMENT
Edition statement 4
260 ## - PUBLICATION, DISTRIBUTION, ETC.
Place of publication, distribution, etc. Australia
Name of publisher, distributor, etc. Thomson
Date of publication, distribution, etc. 2006
300 ## - PHYSICAL DESCRIPTION
Extent xxiii, 695P
Dimensions cm.
500 ## - GENERAL NOTE
General note Bibliography: P 643-48; Glossary: P 649-74
700 ## - ADDED ENTRY--PERSONAL NAME
Personal name Desimone Randy L
942 ## - ADDED ENTRY ELEMENTS (KOHA)
Classification part X :9, P6
Koha item type General Books
Source of classification or shelving scheme Colon Classification (CC)

No items available.

Copyright @ Delhi University Library System